000
00354nam a2200133Ia 4500
008
230411s9999 xx 000 0 und d
041
_a
eng
082
_a
S/617.917/PHI/B03554
100
_a
Phillips Nancymarie
245
_a
Berry and Kohns Operating Room Technique
260
_b
Mosby
_a
New Delhi
_c
2007
300
_a
1024p
999
_c
154410
_d
154410